000 01460nam0a2200385 4500
001 RU\NLR\bibl\168042
005 20250618055541.0
021 _aRU
_b2001-13993
_9657
035 _a(NLR Aleph) 000164851
090 _a948826
_c948826
100 _a20010619d2001 |||y0rusy50 ca
101 0 _arus
102 _aRU
105 _ay |||||||||
200 1 _aФункция точечного источника для сингулярно возмущенной разностной схемы на равномерной 2-D сетке
_fИ. Г. Белухина
205 _aПрепр.
210 _aМ.
_cМАКС Пресс
_d2001
215 _a10 с.
_d21
320 _aБиблиогр.: с. 10 (3 назв.)
606 0 _aКонвекции-диффузии уравнения
_xРешение
_xЧисленные методы
_92142703
_3RU\NLR\auth\661291276
610 0 _aДифференциальные уравнения разностные - Решение - Численные методы
610 0 _aСеток метод (мат.)
675 _a519.64
_v3
_zrus
686 _a27.41
_2rugasnti
686 _a22.19
_2rubbk
686 _aВ311
686 _aВ192.162
700 1 _aБелухина
_gИнна Гавриловна
_4070
801 0 _aRU
_bRKP
_c20010619
_gPSBO
801 1 _aRU
_bRKP
_c20010619
801 2 _aRU
_bNLR
_c20010903
_grcr
830 _aАвт. по кн.
942 _cBOOK
980 _aNB